000 00676cam a2200193u 4500
001 7855798
003 TZ-ArACH
005 20231004151303.0
040 _aDLC
_cTZ-ArACH
050 0 0 _aPL535
_b.J35 1982
110 _aJapanese International Cooperation Agency (JICA)
245 1 0 _aJapanese conversation in 50 hours.
_cJapanese International Cooperation Agency (JICA)
260 _aTokyo, Japan:
_bJapanese International Cooperation Agency (JICA);
_c1982.
300 _av; 101 pages
_b1 l.
_c26 cm.
650 0 _aJapanese language
_xGrammar.
650 0 _aJapanese language
_vConversation and phrase books.
906 _a0
_bcbc
_cpremunv
_du
_encip
_f19
_gy-gencatlg
942 _2lcc
_cBOOK
999 _c6975
_d6975